| 000 | 00359nam a2200145Ia 4500 | ||
|---|---|---|---|
| 008 | 230917s9999||||xx |||||||||||||| ||und|| | ||
| 040 |
_e202919 _aMAIN |
||
| 041 | _aEnglish | ||
| 082 | _a005.1 M687H | ||
| 100 | _aMishra ,Anil kumar | ||
| 245 | 0 | _aHandbook on SPSS for research work. | |
| 260 |
_aMumbai _bHimalaya _c2011 |
||
| 300 | _a146 p. | ||
| 942 | _cBK | ||
| 999 |
_c165326 _d165326 |
||